[Event "Toronto Ontario op"]
[Site "Toronto"]
[Date "2024.05.20"]
[Round "5"]
[White "Ivanchuk, Serghii"]
[Black "Chunchu, Ashwin"]
[Result "1/2-1/2"]
[WhiteElo "1967"]
[BlackElo "1886"]
[PlyCount "59"]
[EventDate "2024.05.18"]
[EventType "swiss"]
[EventRounds "6"]
[EventCountry "CAN"]
[SourceTitle "CBM 220 Extra"]
[Source "ChessBase"]
[SourceDate "2024.07.31"]
[SourceVersion "1"]
[SourceVersionDate "2024.07.31"]
[SourceQuality "1"]

1. d4 Nf6 2. Nf3 g6 3. g3 Bg7 4. Bg2 c5 5. c3 d6 6. 0-0 Nbd7 7. Nbd2 0-0 8. e4 e5 9. d5 b5 10. a4 b4 11. c4 Ng4 12. h3 Nh6 13. Ne1 f5 14. Nd3 f4 15. Kh2 g5 16. Bf3 Nf6 17. g4 Nf7 18. Be2 h5 19. f3 Nh8 20. Rh1 Ng6 21. b3 Kf7 22. Bb2 Rh8 23. Kg2 Bd7 24. Kf2 hxg4 25. hxg4 Rh4 26. Rxh4 gxh4 27. Bf1 Nh7 28. Bh3 Ng5 29. Qf1 Qe7 30. Ke2 1/2-1/2

[Event "Toronto Ontario op"]
[Site "Toronto"]
[Date "2024.05.18"]
[Round "2"]
[White "Kang, Dorian"]
[Black "Chunchu, Ashwin"]
[Result "1-0"]
[WhiteElo "2194"]
[BlackElo "1886"]
[PlyCount "108"]
[EventDate "2024.05.18"]
[EventType "swiss"]
[EventRounds "6"]
[EventCountry "CAN"]
[SourceTitle "CBM 220 Extra"]
[Source "ChessBase"]
[SourceDate "2024.07.31"]
[SourceVersion "1"]
[SourceVersionDate "2024.07.31"]
[SourceQuality "1"]

1. e4 c5 2. Nf3 d6 3. d4 cxd4 4. Nxd4 Nf6 5. f3 e5 6. Nb3 Be6 7. c4 Nc6 8. Be3 Be7 9. Nc3 Rc8 10. Qd2 0-0 11. Nd5 Qd7 12. Bd3 Ne8 13. 0-0 f5 14. exf5 Bxf5 15. Bxf5 Qxf5 16. Bxa7 Qe6 17. Be3 Nf6 18. Rad1 Rfd8 19. Bb6 Rd7 20. Nc5 Qxd5 21. cxd5 dxc5 22. dxc6 Rxd2 23. cxb7 Rxg2+ 24. Kxg2 Rb8 25. Bc7 Rxb7 26. Bxe5 Ra7 27. a3 Kf7 28. Rd2 Ke6 29. Re1 Kf5 30. Bd6 Bxd6 31. Rxd6 Rb7 32. Rd2 g5 33. Rc1 Rb5 34. a4 Ra5 35. b3 Ke5 36. Re1+ Kf5 37. Re7 c4 38. bxc4 Rxa4 39. Rc2 Ra6 40. Rb7 g4 41. Rb3 Rc6 42. c5 Nd5 43. fxg4+ Kxg4 44. Rc4+ Kf5 45. Kf3 Rh6 46. h4 Rc6 47. Rd3 Nf6 48. Rd6 Rxd6 49. cxd6 Ke6 50. Rd4 Kd7 51. Kf4 Ne8 52. Ke5 Ng7 53. Ra4 Ne8 54. Ra7+ Kd8 1-0